000 00646cam a2200229 4500
001 D8200
008 090401t1976 xxu||||| |||| 00| 0 eng d
035 _a(Sirsi) u11709
041 _aeng
050 _a693.71
100 _aReynolds, Trefor J
245 _aStructural steelwork for building and architectural students
250 _a14th
260 _aLondon
_bHodder & Stoughton
_c1976
300 _ax. 394p. ill. fold-out plans. 23cm
350 _a6.75
520 _a14th ed by Trefor J.Reynolds and Lewis E.Kent, with David W.Lazenby
700 _aKent, Lewis E
700 _aLazenby, David W
942 _n0
948 _c04/03/1997
999 _c86897
_d86897